|
|
|
|
| LEADER |
00000nam a2200000 a 4500 |
| 001 |
vtls001388993 |
| 003 |
SK-MaSNL |
| 005 |
20260301161546.0 |
| 008 |
251113s2000 xo rc slo |
| 015 |
|
|
|a SNBA2000/07-02477
|
| 020 |
|
|
|a 8071492825
|
| 035 |
|
|
|a SNK000343246
|
| 035 |
|
|
|a urn:nbn:sk:snk-amkl4k
|
| 035 |
|
|
|a urn:nbn:sk:snk-am003bbu
|
| 035 |
|
|
|a 83DE9CEB-3AB9-4999-A360-562156041ABE
|
| 040 |
|
|
|a SNK
|b slo
|c SNK
|e AACR2
|
| 041 |
0 |
|
|a slo
|
| 044 |
|
|
|a xo
|c SK
|
| 080 |
|
|
|a 327:301.15(436)
|2 1981
|
| 100 |
1 |
|
|a Menasse, Robert,
|d 1954-
|4 aut
|9 118310
|
| 240 |
1 |
4 |
|a Das Land ohne Eigenschaften
|l Slovensky
|
| 245 |
1 |
0 |
|a Krajina bez vlastností
|b (eseje o rakúskej identite)
|c Robert Menasse ; [z nemeckého originálu preložil Ivan Melicher]
|
| 260 |
|
|
|a Bratislava
|b Kalligram
|c 2000
|
| 300 |
|
|
|a 92 s.
|c 21 cm
|
| 490 |
1 |
|
|a Edícia OS
|
| 650 |
0 |
7 |
|a politológia
|2 SNKPH
|9 4684
|
| 650 |
0 |
7 |
|a sociológia
|2 SNKPH
|9 1010
|
| 650 |
0 |
7 |
|a identita
|2 SNKPH
|9 1664
|
| 651 |
|
7 |
|a Rakúsko
|2 SNKPHgeo
|9 18533
|
| 655 |
|
7 |
|a umelecká literatúra
|2 SNK
|9 60405
|
| 655 |
|
7 |
|a eseje
|2 SNKPH
|9 57030
|
| 700 |
1 |
|
|a Melicher, Ivan
|4 trl
|9 524759
|
| 830 |
|
0 |
|a Edícia OS
|9 291966
|
| 830 |
|
0 |
|a Edícia OS
|a Edícia OS
|9 524760
|
| 852 |
|
|
|a Slovenská národná knižnica
|
| 919 |
|
|
|a 80-7149-282-5
|
| 954 |
|
|
|a beletria cudzojazyčná (svetová)
|2 lita
|
| 958 |
|
|
|a TL
|
| 958 |
|
|
|a OP
|
| 958 |
|
|
|a NS
|
| 968 |
|
|
|b DT
|
| 999 |
|
|
|c 809949
|d 811879
|
| 952 |
|
|
|t P60, <03>, [BOOK], {603}
|a SNK
|b SNK
|y PREZ
|7 0
|p 17A0239791
|o snkSC 101654
|i snkKSP 5291/2000
|0 0
|1 0
|4 0
|d 2000-05-22
|f 1
|l 0
|r 2025-09-23 00:00:00
|w 2026-02-24
|
| 952 |
|
|
|t P60, <04>, [BOOK], {604}
|a SNK
|b SNK
|y VYP
|7 0
|p 17A0239790
|o snkSC 101654 D1
|i snkKSP 5292/2000
|0 0
|1 0
|4 0
|d 2000-05-22
|l 0
|r 2005-01-02 00:00:00
|w 2026-02-24
|